[Event "Open Nuevo Centro. Jornada 5"]
[Site "Chess.com"]
[Date "2020.07.17"]
[Round "3"]
[White "Bercaru, Vlad Ionut"]
[Black "Jordan Martinez, David"]
[Result "1-0"]
[WhiteElo "1974"]
[BlackElo "1969"]
[PlyCount "157"]
[EventDate "2020.??.??"]

1. c4 e5 2. Nc3 Qe7 3. d3 c6 4. Nf3 g6 5. Bg5 f6 6. Bd2 Bg7 7. g3 d6 8. Bg2 Be6
9. O-O Nh6 10. Rb1 Nd7 11. Qc1 O-O 12. Bxh6 Bxh6 13. Qxh6 g5 14. h4 g4 15. Nh2
d5 16. cxd5 cxd5 17. Nxd5 Qd6 18. Ne3 f5 19. Qg5+ Kh8 20. Nc4 Qb4 21. a3 Qb5
22. Qe7 Rae8 23. Qb4 Qxb4 24. axb4 b6 25. Bc6 Re7 26. b5 Nc5 27. Nxe5 Ba2 28.
Ra1 Rxe5 29. Rxa2 Rxe2 30. Rxa7 Nxd3 31. Rd7 Ne5 32. Rdd1 Rxb2 33. Rfe1 Nc4 34.
Rd7 Nd2 35. Ree7 Rb1+ 36. Kg2 Rc8 37. Rxh7+ Kg8 38. Rdg7+ Kf8 39. Rh8+ Kxg7 40.
Rxc8 Kf6 41. Rf8+ Ke5 42. Re8+ Kf6 43. Rd8 Nc4 44. Rd4 Ne5 45. Rd6+ Ke7 46. Rh6
Rb2 47. Bd5 Nd3 48. Rh7+ Kd6 49. Bc4 Nxf2 50. Kf1 Ne4 51. Rh6+ Kc5 52. Bd3
Nxg3+ 53. Kg1 Rd2 54. Rc6+ Kb4 55. Bf1 f4 56. Rc4+ Kb3 57. Rxf4 Nxf1 58. Nxf1
g3 59. Nxg3 Rd3 60. Nf1 Rh3 61. Kg2 Rd3 62. Rf3 Kc4 63. Rxd3 Kxd3 64. h5 Kc4
65. h6 Kxb5 66. h7 Ka4 67. h8=Q b5 68. Qa1+ Kb4 69. Nd2 Kc5 70. Qc3+ Kb6 71.
Qb4 Ka6 72. Nc4 bxc4 73. Qxc4+ Ka5 74. Qb3 Ka6 75. Kf3 Ka5 76. Ke4 Ka6 77. Kd5
Ka5 78. Kc5 Ka6 79. Qb6# 1-0

[Event "Open Nuevo Centro. Jornada 5"]
[Site "Chess.com"]
[Date "2020.07.17"]
[Round "3"]
[White "Gracia Calvo, Andrés"]
[Black "Garrido Silos, Pablo"]
[Result "0-1"]
[WhiteElo "1791"]
[BlackElo "1445"]
[PlyCount "168"]
[EventDate "2020.??.??"]

1. d4 Nf6 2. Nf3 g6 3. Bf4 d5 4. e3 Bg7 5. Bd3 Bg4 6. Nbd2 O-O 7. h3 Bxf3 8.
Nxf3 c6 9. O-O Nbd7 10. Ne5 Nxe5 11. Bxe5 Nh5 12. Bxg7 Nxg7 13. c4 e6 14. b4
Qe7 15. c5 Ne8 16. a4 Nf6 17. b5 Qd7 18. Qc2 Rfe8 19. f4 a6 20. bxc6 bxc6 21.
Rab1 Qa7 22. Rb6 Rec8 23. Rfb1 Qd7 24. Bxa6 Rc7 25. Bd3 Rca7 26. Rb8+ Kg7 27.
g4 Rxa4 28. Rxa8 Rxa8 29. Qb3 Ne8 30. Kf2 Qc7 31. Kg3 Nf6 32. Qb6 Qxb6 33. Rxb6
Rc8 34. Bc2 Ng8 35. Ba4 Ne7 36. Kf3 Kf8 37. Rb7 Ng8 38. Rb6 Ne7 39. h4 h6 40.
g5 h5 41. Ke2 Kg7 42. Kd3 Kf8 43. Bd1 Ke8 44. Kc3 Kd7 45. Rb7+ Kd8 46. Ba4 Rc7
47. Rb8+ Rc8 48. Rxc8+ Kxc8 49. Kb4 Kb8 50. Ka5 Ka7 51. Kb4 Ka6 52. Kc3 Ka5 53.
Bc2 Nf5 54. Bxf5 exf5 55. Kb3 Kb5 56. Kc3 Ka4 57. Kd3 Kb3 58. Kd2 Kc4 59. Kc2
Kb4 60. Kd3 Kb3 61. Kd2 Kb2 62. Kd3 Kc1 63. Ke2 Kc2 64. Ke1 Kd3 65. Kf2 Kd2 66.
Kf3 Ke1 67. e4 fxe4+ 68. Ke3 Kf1 69. Kd2 Kf2 70. Kc3 e3 71. Kb4 e2 72. Ka5
e1=Q+ 73. Kb6 Qe8 74. Kc7 Kf3 75. Kd6 Kxf4 76. Kc7 Ke4 77. Kd6 Kxd4 78. Kc7 Kc4
79. Kd6 d4 80. Kc7 d3 81. Kd6 d2 82. Kc7 d1=Q 83. Kb6 Qb8+ 84. Ka5 Qa1# 0-1

[Event "Open Nuevo Centro. Jornada 5"]
[Site "Chess.com"]
[Date "2020.07.17"]
[Round "4"]
[White "Carbonell Bofill, Carlos Eloy"]
[Black "Furio Martinez, Francisco"]
[Result "1-0"]
[WhiteElo "1999"]
[BlackElo "679"]
[PlyCount "31"]
[EventDate "2020.??.??"]

1. d4 d5 2. Nf3 e6 3. Bg5 Nf6 4. Nbd2 Be7 5. c3 O-O 6. h4 Nbd7 7. Qc2 b6 8. e4
dxe4 9. Nxe4 Bb7 10. Bd3 Bxe4 11. Bxe4 Rc8 12. O-O-O c5 13. d5 Nxe4 14. Qxe4
Bxg5+ 15. hxg5 c4 16. Qxh7# 1-0

[Event "Open Nuevo Centro. Jornada 5"]
[Site "Chess.com"]
[Date "2020.07.17"]
[Round "4"]
[White "Soliva Ruiz, Ramon"]
[Black "Pedros Viudes, Santiago"]
[Result "0-1"]
[WhiteElo "1471"]
[BlackElo "1942"]
[PlyCount "36"]
[EventDate "2020.??.??"]

1. d4 Nf6 2. Bf4 d5 3. e3 c5 4. c3 Qb6 5. Qb3 c4 6. Qxb6 axb6 7. Bxb8 Rxb8 8.
Nd2 b5 9. a4 Ra8 10. a5 e6 11. Ngf3 b6 12. b4 bxa5 13. bxa5 b4 14. cxb4 Bxb4
15. Be2 Rxa5 16. Rxa5 Bxa5 17. O-O O-O 18. Ne5 Bxd2 0-1

[Event "Open Nuevo Centro. Jornada 5"]
[Site "Chess.com"]
[Date "2020.07.17"]
[Round "4"]
[White "Hernández Tomás, Efrén"]
[Black "Llorens Ferrer, Francisco"]
[Result "0-1"]
[WhiteElo "1004"]
[BlackElo "1605"]
[PlyCount "42"]
[EventDate "2020.??.??"]

1. e4 c5 2. Nf3 Nc6 3. Bc4 e6 4. Nc3 Nf6 5. d3 d5 6. exd5 exd5 7. Qe2+ Be7 8.
Bb5 O-O 9. O-O Nd4 10. Nxd4 cxd4 11. Nd1 Bd6 12. c4 a6 13. Ba4 Qa5 14. Bb3 Re8
15. Qd2 Qxd2 16. Bxd2 Bf5 17. Bc2 Re2 18. Bg5 Rxc2 19. Bxf6 gxf6 20. b3 Bxd3
21. Re1 Bb4 0-1

[Event "Open Nuevo Centro. Jornada 5"]
[Site "Chess.com"]
[Date "2020.07.17"]
[Round "4"]
[White "Gukasov, Artem"]
[Black "Cebrián Granado, Guille"]
[Result "1-0"]
[WhiteElo "1483"]
[BlackElo "414"]
[PlyCount "65"]
[EventDate "2020.??.??"]

1. e4 e5 2. Nf3 Nc6 3. Bc4 Nf6 4. Ng5 Be7 5. Nxf7 Rf8 6. Nxd8 Kxd8 7. Nc3 h6 8.
d3 d6 9. Be3 b6 10. Nd5 Rf7 11. Nxf6 Bb7 12. Bxf7 Bxf6 13. Bd5 Kc8 14. Qd2 a6
15. O-O-O Kb8 16. a3 Ka7 17. f4 Bc8 18. fxe5 Rb8 19. Bxc6 Bb7 20. Bxb7 Rxb7 21.
exf6 gxf6 22. Bxh6 f5 23. exf5 d5 24. f6 Rb8 25. f7 Rb7 26. f8=Q Rb8 27. Qxb8+
Kxb8 28. Qg5 Ka7 29. Qe7 Kb7 30. Rdf1 Ka7 31. Rf7 Kb7 32. Qxc7+ Ka8 33. Qb7#
1-0

[Event "Open Nuevo Centro. Jornada 5"]
[Site "Chess.com"]
[Date "2020.07.17"]
[Round "4"]
[White "Rodriguez Rodriguez, Joan David"]
[Black "Morata Briones, Carlos"]
[Result "1-0"]
[WhiteElo "1577"]
[BlackElo "965"]
[PlyCount "43"]
[EventDate "2020.??.??"]

1. d4 d5 2. c4 c5 3. cxd5 cxd4 4. Qxd4 Nf6 5. Nc3 Nc6 6. Qd1 Nxd5 7. Qxd5 Qxd5
8. Nxd5 e6 9. Nc7+ Kd8 10. Nxa8 Bd7 11. Bf4 Kc8 12. Nf3 g5 13. Bg3 e5 14. Nxe5
Kb8 15. Nxd7+ Kxa8 16. Rc1 Ne7 17. Rc4 b5 18. Rc7 Bg7 19. e3 Nd5 20. Be2 Nxc7
21. Bf3+ Nd5 22. Bxd5# 1-0

[Event "Open Nuevo Centro. Jornada 5"]
[Site "Chess.com"]
[Date "2020.07.17"]
[Round "4"]
[White "Perez Garcia, Jose Miguel"]
[Black "Zamora Soler, Raul"]
[Result "0-1"]
[WhiteElo "2062"]
[BlackElo "1809"]
[PlyCount "82"]
[EventDate "2020.??.??"]

1. e4 c5 2. Nf3 Nc6 3. c3 e6 4. d4 cxd4 5. cxd4 d5 6. exd5 Qxd5 7. Nc3 Bb4 8.
Be2 Nf6 9. Ng5 Qxd4 10. Nf3 Bxc3+ 11. bxc3 Qxd1+ 12. Bxd1 O-O 13. O-O b6 14.
Nd4 Nxd4 15. cxd4 Ba6 16. Re1 Rfd8 17. Be3 Nd5 18. Bf3 Rac8 19. Rac1 Nxe3 20.
fxe3 Rxc1 21. Rxc1 Rc8 22. Rxc8+ Bxc8 23. e4 Kf8 24. Kf2 Ke7 25. Ke3 Bb7 26. a3
h6 27. Be2 f5 28. e5 Bxg2 29. Kf2 Bd5 30. Ke3 g5 31. Kf2 Kf7 32. Ke3 Kg6 33.
Kf2 h5 34. Kg3 f4+ 35. Kf2 g4 36. Bd3+ Kg5 37. Bf1 h4 38. Kg1 g3 39. hxg3 hxg3
40. Bg2 f3 41. Bf1 f2# 0-1

[Event "Open Nuevo Centro. Jornada 5"]
[Site "Chess.com"]
[Date "2020.07.17"]
[Round "4"]
[White "Cebolla Ruiz, David"]
[Black "Martínez Cuenca, Jose Andrés"]
[Result "1-0"]
[WhiteElo "1512"]
[BlackElo "951"]
[PlyCount "47"]
[EventDate "2020.??.??"]

1. e4 c5 2. Nf3 g6 3. d4 cxd4 4. Nxd4 Nc6 5. Nc3 Bg7 6. Be3 d6 7. Bc4 a6 8. Qd2
b5 9. Nxc6 Qc7 10. Bd5 e6 11. Nb4 exd5 12. Nbxd5 Qd8 13. O-O-O Nf6 14. Bg5 O-O
15. Nxf6+ Bxf6 16. Bxf6 Qxf6 17. Qxd6 Qxd6 18. Rxd6 Bb7 19. f3 Rfd8 20. Rhd1
Kf8 21. Rxd8+ Rxd8 22. Rxd8+ Ke7 23. Rh8 h5 24. Nd5+ 1-0

[Event "Open Nuevo Centro. Jornada 5"]
[Site "Chess.com"]
[Date "2020.07.17"]
[Round "4"]
[White "Lopez Mateo, Juan Carlos"]
[Black "Gómez Alonso, Óscar"]
[Result "1-0"]
[WhiteElo "2192"]
[BlackElo "1829"]
[PlyCount "37"]
[EventDate "2020.??.??"]

1. e4 c5 2. Nf3 e6 3. b4 cxb4 4. a3 Nc6 5. d4 d5 6. e5 Qb6 7. axb4 Bxb4+ 8. c3
Be7 9. Bd3 Bd7 10. O-O a6 11. Na3 Bxa3 12. Bxa3 Nge7 13. Ng5 h6 14. Nh3 Qc7 15.
Nf4 h5 16. Bd6 Qd8 17. Nxh5 Rxh5 18. Qxh5 Nf5 19. Qh8# 1-0

[Event "Open Nuevo Centro. Jornada 5"]
[Site "Chess.com"]
[Date "2020.07.17"]
[Round "4"]
[White "Silva Rodriguez, Fernando"]
[Black "Gil López, Alejandro"]
[Result "1-0"]
[WhiteElo "2435"]
[BlackElo "2156"]
[PlyCount "45"]
[EventDate "2020.??.??"]

1. d4 e5 2. dxe5 d6 3. Nf3 Nc6 4. Bg5 Qd7 5. exd6 Bxd6 6. Nc3 f6 7. Bh4 Nge7 8.
e3 Qg4 9. Bg3 Bxg3 10. hxg3 Be6 11. Bb5 Rd8 12. Qe2 a6 13. Bd3 Nb4 14. O-O-O
Ned5 15. Rh4 Nxc3 16. bxc3 Nxa2+ 17. Kb2 Rxd3 18. Rxg4 Rxd1 19. Qxd1 Nxc3 20.
Kxc3 Bxg4 21. Qd4 Be6 22. Qe4 Kf7 23. Qxb7 1-0

[Event "Open Nuevo Centro. Jornada 5"]
[Site "Chess.com"]
[Date "2020.07.17"]
[Round "4"]
[White "Fitzpatrick Dimas, Kevin"]
[Black "Donate Peris, Jose Manuel"]
[Result "0-1"]
[WhiteElo "959"]
[BlackElo "1537"]
[PlyCount "62"]
[EventDate "2020.??.??"]

1. e4 e6 2. c4 d5 3. cxd5 exd5 4. exd5 Qxd5 5. Qe2+ Be6 6. Nc3 Qd8 7. Nf3 Nf6
8. Ng5 Qe7 9. d4 h6 10. Nd5 Bxd5 11. Qxe7+ Bxe7 12. Nf3 Bb4+ 13. Bd2 Bxd2+ 14.
Nxd2 O-O 15. Bd3 Nc6 16. O-O Nxd4 17. Rfe1 Rfe8 18. Rxe8+ Rxe8 19. h3 Ne2+ 20.
Bxe2 Rxe2 21. Kf1 Rxd2 22. Re1 Ne4 23. f3 Ng3+ 24. Kg1 Rxb2 25. Re8+ Kh7 26. a4
Nf5 27. Re5 Be6 28. Ra5 a6 29. Kf1 b6 30. Rxa6 Bc4+ 31. Ke1 Bxa6 0-1

[Event "Open Nuevo Centro. Jornada 5"]
[Site "Chess.com"]
[Date "2020.07.17"]
[Round "4"]
[White "Jordan Martinez, David"]
[Black "Montesinos Diaz, Luis"]
[Result "0-1"]
[WhiteElo "1727"]
[BlackElo "1724"]
[PlyCount "58"]
[EventDate "2020.??.??"]

1. e4 c6 2. d4 d5 3. exd5 cxd5 4. c4 Nf6 5. Nc3 Nc6 6. Bg5 e6 7. c5 Be7 8. Nf3
O-O 9. Qc2 Bd7 10. Be2 b6 11. cxb6 Qxb6 12. Rd1 Rfc8 13. O-O Rab8 14. Rd2 Nb4
15. Qb1 h6 16. Bf4 Bd6 17. Bxd6 Qxd6 18. Ne5 Be8 19. g3 Na6 20. h4 Rxc3 21.
bxc3 Rxb1 22. Rxb1 Ne4 23. Bxa6 Nxd2 24. Rd1 Qxa6 25. Rxd2 Bb5 26. Kg2 Bf1+ 27.
Kf3 f6 28. Nd7 Qc4 29. Rc2 Qd3+ 0-1

[Event "Open Nuevo Centro. Jornada 5"]
[Site "Chess.com"]
[Date "2020.07.17"]
[Round "4"]
[White "Grigorev, Artur"]
[Black "Rabbani Perez, Oumaima"]
[Result "1-0"]
[WhiteElo "931"]
[BlackElo "620"]
[PlyCount "59"]
[EventDate "2020.??.??"]

1. e4 e5 2. Nf3 Nf6 3. Nxe5 Nxe4 4. Qe2 Bd6 5. Qxe4 Bxe5 6. Qxe5+ Qe7 7. Qxe7+
Kxe7 8. d4 d6 9. Bf4 Bd7 10. Bc4 Kd8 11. Nc3 Bc6 12. O-O Nd7 13. Bxf7 Nf6 14.
Bc4 Nh5 15. Bg5+ Nf6 16. Bxf6+ gxf6 17. Bb5 Bxb5 18. Nxb5 Rb8 19. Nc3 c5 20.
Ne4 cxd4 21. Nxf6 Rc8 22. Rad1 Rc4 23. b3 Rxc2 24. Rxd4 Rxa2 25. Rxd6+ Kc8 26.
Rc1+ Kb8 27. Nd7+ Ka8 28. Nf6 Ra3 29. Nxh7 Rxh7 30. Rc8# 1-0

[Event "Open Nuevo Centro. Jornada 5"]
[Site "Chess.com"]
[Date "2020.07.17"]
[Round "4"]
[White "Macias Pino, Diego"]
[Black "Bercaru, Vlad Ionut"]
[Result "1-0"]
[WhiteElo "2273"]
[BlackElo "1963"]
[PlyCount "63"]
[EventDate "2020.??.??"]

1. d4 Nf6 2. Nf3 g6 3. Bf4 Bg7 4. Nbd2 O-O 5. e4 d6 6. Be2 Nbd7 7. c3 b6 8. h3
Bb7 9. Qc2 Re8 10. O-O e5 11. dxe5 Nxe5 12. Nxe5 dxe5 13. Be3 Qe7 14. Rfd1 Rad8
15. Bf3 Nd7 16. b4 Ba6 17. a4 Nf6 18. b5 Bb7 19. a5 Nd7 20. Nb3 Rf8 21. c4 Kh8
22. c5 bxc5 23. Nxc5 Ba8 24. Nxd7 Rxd7 25. Bc5 Rxd1+ 26. Rxd1 Qe8 27. Bxf8 Qxf8
28. Qxc7 Bh6 29. Rd8 Bxe4 30. Bxe4 Qxd8 31. Qxd8+ Bf8 32. Qxf8# 1-0

[Event "Open Nuevo Centro. Jornada 5"]
[Site "Chess.com"]
[Date "2020.07.17"]
[Round "4"]
[White "Soler Nadal, Jose Antonio"]
[Black "Elenkov Olmo, Ivan"]
[Result "1-0"]
[WhiteElo "1520"]
[BlackElo "954"]
[PlyCount "31"]
[EventDate "2020.??.??"]

1. d4 d5 2. Bf4 Nc6 3. e3 Bf5 4. Bd3 Bxd3 5. Qxd3 Nb4 6. Qb5+ Nc6 7. Qxb7 Na5
8. Qb5+ c6 9. Qd3 Qb6 10. Nc3 Qxb2 11. Rb1 Qa3 12. Nf3 e6 13. O-O Bb4 14. Rb3
Qxb3 15. axb3 Bxc3 16. Qxc3 1-0

[Event "Open Nuevo Centro. Jornada 5"]
[Site "Chess.com"]
[Date "2020.07.17"]
[Round "4"]
[White "Fernández Martín, Berta"]
[Black "Maestre Soler, Sergio"]
[Result "0-1"]
[WhiteElo "604"]
[BlackElo "877"]
[PlyCount "38"]
[EventDate "2020.??.??"]

1. e4 e5 2. Nf3 Bc5 3. d4 Bxd4 4. Nxd4 exd4 5. Qxd4 Nf6 6. f3 Nc6 7. Qc3 O-O 8.
Be3 d6 9. Bb5 a6 10. Bxc6 bxc6 11. Qxc6 Bd7 12. Qc4 Qb8 13. Qc3 Bb5 14. Nd2 h6
15. O-O-O Be2 16. Rde1 Bb5 17. Nc4 Bxc4 18. Qxc4 Qb5 19. Qc3 Rab8 0-1

[Event "Open Nuevo Centro. Jornada 5"]
[Site "Chess.com"]
[Date "2020.07.17"]
[Round "4"]
[White "Simó Serrano, Javier"]
[Black "Martínez Cuenca, Adrián"]
[Result "1-0"]
[WhiteElo "952"]
[BlackElo "637"]
[PlyCount "43"]
[EventDate "2020.??.??"]

1. d4 d5 2. Bf4 f6 3. Nc3 e5 4. dxe5 fxe5 5. Bxe5 Qh4 6. Nf3 g5 7. Nxh4 gxh4 8.
e4 dxe4 9. Nxe4 Bd7 10. Bxc7 Bb4+ 11. c3 Be7 12. Be5 Nc6 13. Bxh8 Ne5 14. Bxe5
Bg5 15. Nxg5 h6 16. Nh7 O-O-O 17. Nf6 Bc6 18. Qg4+ Bd7 19. Nxd7 Rxd7 20. Qxg8+
Rd8 21. Qh7 Rd5 22. Qc7# 1-0

[Event "Open Nuevo Centro. Jornada 5"]
[Site "Chess.com"]
[Date "2020.07.17"]
[Round "4"]
[White "Segarra Martinez, Axel"]
[Black "Randazzo, Adrián"]
[Result "0-1"]
[WhiteElo "2219"]
[BlackElo "2484"]
[PlyCount "42"]
[EventDate "2020.??.??"]

1. e4 c5 2. Nf3 d6 3. d4 cxd4 4. Nxd4 Nf6 5. Nc3 g6 6. Be3 a6 7. f3 b5 8. Qd2
Bb7 9. a4 b4 10. Na2 e5 11. Qxb4 Qc7 12. Nb3 d5 13. Bc5 Nc6 14. Qd2 Bxc5 15.
Nxc5 Nd4 16. b4 dxe4 17. c3 Nf5 18. Qg5 Qe7 19. Nxb7 h6 20. Qd2 Qxb7 21. Qd6
Nxd6 0-1

[Event "Open Nuevo Centro. Jornada 5"]
[Site "Chess.com"]
[Date "2020.07.17"]
[Round "4"]
[White "Donate Moreno, Silvia"]
[Black "Orts Tomás, Marc"]
[Result "1-0"]
[WhiteElo "2010"]
[BlackElo "1714"]
[PlyCount "71"]
[EventDate "2020.??.??"]

1. e4 c5 2. Nf3 Nc6 3. d4 cxd4 4. Nxd4 Nf6 5. Nc3 e5 6. Ndb5 d6 7. Bg5 a6 8.
Na3 b5 9. Nd5 Be7 10. c4 b4 11. Nc2 Nxe4 12. Nxe7 Nxe7 13. Bxe7 Qxe7 14. Nxb4
Bd7 15. Nd5 Qd8 16. Bd3 Nf6 17. Be2 Rb8 18. b3 Qa5+ 19. b4 Qd8 20. a3 Bc6 21.
Ne3 O-O 22. O-O Qe7 23. Nf5 Qc7 24. Qxd6 Qxd6 25. Nxd6 Rfd8 26. c5 a5 27. b5
Bd5 28. Rfd1 Kf8 29. a4 Ke7 30. Nf5+ Kf8 31. c6 Rbc8 32. Rac1 g6 33. Ne3 Bb3
34. Rxd8+ Rxd8 35. c7 Rc8 36. b6 1-0

[Event "Open Nuevo Centro. Jornada 5"]
[Site "Chess.com"]
[Date "2020.07.17"]
[Round "4"]
[White "Valero Artagoitia, Sara"]
[Black "Valverde Alcaide, Miguel Alejandro"]
[Result "0-1"]
[WhiteElo "591"]
[BlackElo "863"]
[PlyCount "38"]
[EventDate "2020.??.??"]

1. e4 e5 2. Nf3 f6 3. Bc4 Bc5 4. Bxg8 Rxg8 5. O-O Rf8 6. Nc3 c6 7. d3 f5 8. Bg5
Be7 9. Be3 d6 10. a4 fxe4 11. dxe4 Bg4 12. h3 Bxf3 13. gxf3 Bh4 14. b4 Bg5 15.
Qc1 Rxf3 16. Bxg5 Qd7 17. Ne2 Qxh3 18. b5 Qg4+ 19. Kh2 Rh3# 0-1

[Event "Open Nuevo Centro. Jornada 5"]
[Site "Chess.com"]
[Date "2020.07.17"]
[Round "4"]
[White "Cebrian Granado, Fran"]
[Black "Galcin Plitnikas, Artiom"]
[Result "0-1"]
[WhiteElo "551"]
[BlackElo "810"]
[PlyCount "58"]
[EventDate "2020.??.??"]

1. e4 c5 2. Nf3 Nc6 3. Bc4 e6 4. c3 Nf6 5. d3 d6 6. e5 dxe5 7. Bg5 Be7 8. O-O
O-O 9. d4 cxd4 10. cxd4 exd4 11. Nfd2 Nd5 12. Bxd5 exd5 13. Qg4 Bxg5 14. Qg3
Bxd2 15. Nxd2 d3 16. Nb3 Qf6 17. Rae1 Nd4 18. Nxd4 Qxd4 19. Re5 Bd7 20. Rfe1
Rfe8 21. Rxe8+ Rxe8 22. Rxe8+ Bxe8 23. Qb8 Kf8 24. Qd6+ Kg8 25. Qe7 h6 26.
Qxe8+ Kh7 27. Qxf7 d2 28. Qh5 d1=Q+ 29. Qxd1 Qxd1# 0-1

[Event "Open Nuevo Centro. Jornada 5"]
[Site "Chess.com"]
[Date "2020.07.17"]
[Round "4"]
[White "Cayon Pelaez, Pablo"]
[Black "Garcia Trobat, Francisco"]
[Result "0-1"]
[WhiteElo "1818"]
[BlackElo "2153"]
[PlyCount "38"]
[EventDate "2020.??.??"]

1. d4 Nf6 2. c4 e6 3. Nc3 Bb4 4. Qc2 O-O 5. Nf3 b6 6. e3 Bb7 7. Be2 Ne4 8. O-O
f5 9. a3 Bxc3 10. bxc3 Rf6 11. Bd3 Rh6 12. Nd2 Qh4 13. h3 Nxd2 14. Qxd2 Bxg2
15. e4 Qxh3 16. f4 Qh1+ 17. Kf2 Bxf1 18. Bxf1 Rh2+ 19. Ke3 Qxe4# 0-1

[Event "Open Nuevo Centro. Jornada 5"]
[Site "Chess.com"]
[Date "2020.07.17"]
[Round "4"]
[White "Castellano López, Javier"]
[Black "Miranda Calvo, Max Rodrigo"]
[Result "1-0"]
[WhiteElo "1858"]
[BlackElo "1312"]
[PlyCount "87"]
[EventDate "2020.??.??"]

1. d4 d5 2. c4 c6 3. g3 g6 4. Bg2 Bg7 5. Nc3 Nf6 6. Bg5 Nbd7 7. e3 h6 8. Bxf6
Nxf6 9. Nge2 Bf5 10. cxd5 cxd5 11. O-O e6 12. h3 h5 13. Qa4+ Qd7 14. Qb4 a5 15.
Qb5 Qxb5 16. Nxb5 O-O 17. a4 Bd3 18. Bf3 g5 19. g4 hxg4 20. hxg4 Bxe2 21. Bxe2
Ne4 22. Rfc1 Nd2 23. Rc2 Ne4 24. Rac1 Kh8 25. Rc7 b6 26. Kg2 Nf6 27. Rb7 Rab8
28. Rcc7 Rxb7 29. Rxb7 Ne4 30. f3 Nd2 31. Nd6 Nb3 32. Nxf7+ Kg8 33. Nxg5 Nc1
34. Bd1 Na2 35. Nxe6 Nb4 36. Rxg7+ Kh8 37. Nxf8 Kxg7 38. Nd7 Nd3 39. Nxb6 Nxb2
40. Bb3 Nd3 41. Bxd5 Kf8 42. g5 Nb4 43. g6 Nc6 44. Bxc6 1-0

[Event "Open Nuevo Centro. Jornada 5"]
[Site "Chess.com"]
[Date "2020.07.17"]
[Round "4"]
[White "Fitzpatrick Dimas, Andrew"]
[Black "Chofre Murcia, Adrián"]
[Result "0-1"]
[WhiteElo "1108"]
[BlackElo "1668"]
[PlyCount "60"]
[EventDate "2020.??.??"]

1. e4 e5 2. Nf3 Nc6 3. Nc3 f5 4. exf5 Nf6 5. Bc4 d5 6. Bb5 Bd6 7. Bxc6+ bxc6 8.
d4 e4 9. Nh4 O-O 10. O-O Qe7 11. a4 Ne8 12. Nf3 exf3 13. Qxf3 Rxf5 14. Qd3 Qh4
15. g3 Qf6 16. Be3 a5 17. b4 axb4 18. Ne2 Ba6 19. Qd2 g6 20. h4 Ng7 21. Bg5 Qf7
22. Kg2 Ne6 23. Be3 Rf8 24. a5 Ng7 25. Nc1 Bxf1+ 26. Kxf1 Bxg3 27. Bf4 Rxf4 28.
Qxf4 Qxf4 29. Ke1 Qxf2+ 30. Kd1 Qe1# 0-1

[Event "Open Nuevo Centro. Jornada 5"]
[Site "Chess.com"]
[Date "2020.07.17"]
[Round "4"]
[White "Hassomal Daswani, Birjkumar"]
[Black "Pardo Ruiz, Beatriz"]
[Result "1-0"]
[WhiteElo "1825"]
[BlackElo "1349"]
[PlyCount "61"]
[EventDate "2020.??.??"]

1. e4 e5 2. Nf3 Nc6 3. Bc4 Bc5 4. c3 Nf6 5. d4 exd4 6. cxd4 Bb6 7. e5 Ng8 8.
O-O Nge7 9. Nc3 d5 10. exd6 cxd6 11. d5 Na5 12. Bd3 Bc5 13. Re1 O-O 14. Qa4 Qb6
15. Ne4 Bb4 16. Bd2 Bxd2 17. Nexd2 Ng6 18. h4 Qc7 19. Rac1 Qd8 20. b4 Nxh4 21.
Qxa5 Nxf3+ 22. Nxf3 Qf6 23. b5 Bg4 24. Qc3 Qe7 25. Rxe7 Rfe8 26. Rxe8+ Rxe8 27.
Ng5 h6 28. f3 Bd7 29. Ne4 f5 30. Nxd6 Rb8 31. Qc7 1-0

[Event "Open Nuevo Centro. Jornada 5"]
[Site "Chess.com"]
[Date "2020.07.17"]
[Round "4"]
[White "Jordan Martinez, Miguel"]
[Black "Lloret Ramis, Juan José"]
[Result "1-0"]
[WhiteElo "1858"]
[BlackElo "1987"]
[PlyCount "55"]
[EventDate "2020.??.??"]

1. e4 e6 2. b3 d5 3. Bb2 dxe4 4. Nc3 Nf6 5. g4 h6 6. Bg2 e5 7. h3 Nc6 8. Nxe4
Be6 9. Ne2 Qd7 10. Nxf6+ gxf6 11. Nc3 O-O-O 12. Qf3 Be7 13. O-O-O Rdg8 14. Rhe1
h5 15. gxh5 Rg5 16. Ne4 Nd4 17. Bxd4 Rf5 18. Nc5 Qxd4 19. Qxb7+ Kd8 20. Nxe6+
fxe6 21. c3 Qb6 22. Qa8+ Kd7 23. Qxh8 Rxf2 24. Qa8 Qa5 25. Kb1 Qa3 26. Qc6+ Kd8
27. Qxe6 a5 28. Bc6 1-0

[Event "Open Nuevo Centro. Jornada 5"]
[Site "Chess.com"]
[Date "2020.07.17"]
[Round "4"]
[White "Sanchis Bon, Sergi"]
[Black "Bascuñana Sánchez, Pablo"]
[Result "0-1"]
[WhiteElo "963"]
[BlackElo "1561"]
[PlyCount "58"]
[EventDate "2020.??.??"]

1. e4 c5 2. Qf3 Nc6 3. Bc4 e6 4. c3 g6 5. e5 Nxe5 6. Qf4 Nxc4 7. Qxc4 d5 8. Qf4
Nf6 9. Qe5 Bg7 10. Qe2 O-O 11. Nf3 a6 12. O-O b5 13. Ne5 Qc7 14. Ng4 Nxg4 15.
Qxg4 e5 16. Qh4 f5 17. b4 c4 18. Re1 e4 19. Re3 f4 20. Re1 Bb7 21. f3 Rae8 22.
fxe4 dxe4 23. d3 cxd3 24. Qf2 e3 25. Qh4 d2 26. Nxd2 exd2 27. Rxe8 Rxe8 28.
Bxd2 Qc6 29. Bxf4 Qxg2# 0-1

[Event "Open Nuevo Centro. Jornada 5"]
[Site "Chess.com"]
[Date "2020.07.17"]
[Round "4"]
[White "Teply Koutsky, David"]
[Black "Más Ripoll, Vicente"]
[Result "1-0"]
[WhiteElo "1628"]
[BlackElo "1083"]
[PlyCount "57"]
[EventDate "2020.??.??"]

1. d4 Nf6 2. c4 g6 3. Nc3 Bg7 4. e4 d6 5. Be2 Nbd7 6. Be3 b6 7. g4 h6 8. f3 g5
9. Qd2 c5 10. d5 a6 11. O-O-O Ne5 12. h4 gxh4 13. Rxh4 Ng8 14. Nh3 e6 15. g5
hxg5 16. Rxh8 Bxh8 17. Nxg5 Qf6 18. Rh1 Nh6 19. Nh7 Qg6 20. Rxh6 Qg2 21. Ng5 f6
22. Rxh8+ Ke7 23. Nxe6 Bxe6 24. Rxa8 Nxf3 25. Ra7+ Bd7 26. Bxf3 Qxf3 27. Qf2
Qh1+ 28. Kc2 Kd8 29. Qxf6+ 1-0

[Event "Open Nuevo Centro. Jornada 5"]
[Site "Chess.com"]
[Date "2020.07.17"]
[Round "4"]
[White "Saiz Sapena, Veronica"]
[Black "Ainsa Jimenez, Lucas"]
[Result "1-0"]
[WhiteElo "1611"]
[BlackElo "1041"]
[PlyCount "67"]
[EventDate "2020.??.??"]

1. e4 e5 2. Nf3 Nc6 3. d4 exd4 4. Bc4 Bc5 5. c3 dxc3 6. Bxf7+ Kxf7 7. Qd5+ Kf8
8. Qxc5+ d6 9. Qxc3 Nf6 10. Bg5 Kf7 11. O-O Rf8 12. Nbd2 Kg8 13. Rad1 Rf7 14.
a3 Qf8 15. b4 h6 16. Bxf6 Rxf6 17. h3 Bd7 18. Nc4 a6 19. e5 Re6 20. exd6 cxd6
21. Qb3 Qf7 22. Nxd6 Qe7 23. Nf5 Qf6 24. Nxh6+ Qxh6 25. Rxd7 Rf8 26. Rd6 Rfe8
27. Rxe6 Rxe6 28. Re1 Kf7 29. Rxe6 Qxe6 30. Qd1 Kg8 31. Ng5 Qf6 32. Ne4 Qe5 33.
Nc5 b6 34. Nxa6 1-0

[Event "Open Nuevo Centro. Jornada 5"]
[Site "Chess.com"]
[Date "2020.07.17"]
[Round "4"]
[White "Roca Cruz, Rafael"]
[Black "Chernikov, Vladimir"]
[Result "0-1"]
[WhiteElo "1830"]
[BlackElo "2200"]
[PlyCount "70"]
[EventDate "2020.??.??"]

1. d4 g6 2. c4 Bg7 3. Nc3 d6 4. e4 c6 5. f3 Nd7 6. Bg5 h6 7. Be3 Qc7 8. Bd3 a6
9. Nge2 b5 10. Rc1 Rb8 11. O-O Qb7 12. b3 Ngf6 13. Kh1 O-O 14. Qd2 Kh7 15. g4
e5 16. d5 cxd5 17. cxd5 Nc5 18. h4 b4 19. Nd1 Nxd3 20. Qxd3 Bd7 21. Qd2 Bb5 22.
Rf2 Rbc8 23. Rh2 Bxe2 24. Rxc8 Rxc8 25. Qxe2 h5 26. Nf2 Qb5 27. Qxb5 axb5 28.
g5 Nd7 29. Kg2 Rc2 30. Rh1 Nc5 31. Bxc5 dxc5 32. Ra1 Bf8 33. Kf1 c4 34. bxc4
bxc4 35. Nd1 Bc5 0-1

[Event "Open Nuevo Centro. Jornada 5"]
[Site "Chess.com"]
[Date "2020.07.17"]
[Round "4"]
[White "Donate Moreno, David"]
[Black "Luque Saiz, Andrés"]
[Result "0-1"]
[WhiteElo "1588"]
[BlackElo "1950"]
[PlyCount "72"]
[EventDate "2020.??.??"]

1. e4 c6 2. Nf3 d5 3. exd5 cxd5 4. Ne5 Nc6 5. Bb5 Bd7 6. Nxd7 Qxd7 7. d4 e6 8.
c3 Bd6 9. Bd3 Nge7 10. Na3 a6 11. Nc2 Ng6 12. Bg5 f6 13. Be3 Nf4 14. Bxf4 Bxf4
15. Ne3 O-O 16. Qg4 Bc7 17. h4 Qf7 18. h5 f5 19. Qh4 f4 20. Ng4 e5 21. Qg5 Kh8
22. O-O-O e4 23. Bc2 Bd8 24. Ne5 Bxg5 25. Nxf7+ Rxf7 26. g4 fxg3+ 27. Kb1 gxf2
28. Rdf1 Raf8 29. Rh3 Ne7 30. Bd1 b5 31. Be2 e3 32. Kc2 Nf5 33. Rf3 Nd6 34. Rg3
Ne4 35. Rg4 Bh6 36. Re1 fxe1=Q 0-1